| 000 | 00820nam a2200241 a 4500 | ||
|---|---|---|---|
| 001 | BRCA_5621 | ||
| 005 | 20190320205145.0 | ||
| 008 | 210211t1925----nyua######---#000-0#eng-# | ||
| 041 | _aeng | ||
| 044 | _anyu | ||
| 050 | 4 |
_aNK2062 _b.S63 1925 |
|
| 245 | 1 | 0 |
_aSpanish interiors, furniture and details, from the 14th to the 17th century _cwith and introd. by Harold Donaldson Eberlein. |
| 260 |
_aNueva York _bArchitectural Book Publishing _c1925 |
||
| 300 |
_axiii p. _bil., 136 láminas, 450 fotografías _c31 cm. |
||
| 500 | _aF99 | ||
| 650 | 1 | 4 |
_aDecoración y ornamentación _zEspaña _911563 |
| 650 | 1 | 4 |
_aMuebles españoles _914323 |
| 650 | 1 | 4 |
_aDecoración y ornamentación _xHistoria _91924 |
| 650 | 1 | 4 |
_aMuebles _xHistoria _94173 |
| 700 | 1 |
_aEberlein, Harold Donaldson _97282 |
|
| 902 | _aGFM | ||
| 942 |
_2lcc _cB |
||
| 999 |
_c5315 _d5315 |
||